00758 2200253 4500001002100000005001500021020002200036035002400058040001200082082001900094084002300113090002300136100001800159245012400177250001100301260003500312300004300347504002500390650002900415850001200444990001600456990001600472990001600488YOGYA00000000010108120140823130538 a978-979-698-256-1 0010-011400000000283 aYOPDYOG 2[22]a618.9707 aCoE 618.9707 Enn L aCoE 618.9707 Enn L aENNI HARDIATI aLansia juga bisa bekerjab: penelitian faktor-faktor kebertahanan lanjut usia perempuan di Yogyakartac/ Enni Hardiati. aCet.1. aYogyakartabB2P3KS Pressc2009 aix, 51 hlm.b: ilus.c; 21 cm (3 eks.) aBibliografi : hlm.51 aUsia lanjut (Penelitian) aYOPDYOG a2111/B.2014 a2112/B.2014 a2113/B.2014